00303nam a2200133Ia 45000030006000000080041000060400015000471000026000622450014000882600030001023000006001325460014001380050017001520STCL150530s9999 xx 000 0 und d aSTCLcSTCL aRaja Raja Varma, A.R. aMeghadoot bKamalalaya; Trivandrumc0 a0 aMalayalam20220125170657.0